000 00791nam a2200241Ia 4500
003 OSt
005 20220923225043.0
006 a|||||r|||| 00| 0
007 ta
008 220922b |||||||| |||| 00| 0 hin d
024 _a255,841
037 _cTextual
040 _aARTS
_cARTS
_bhin
041 _2hin
_ahin
082 _aQ1:2:g(V), 152K5
100 _aशिवशंकर
_9156280
245 0 _aवैदिक इतिहासार्थ निर्णय
246 _aVaidik itihāsārtha nirṇaya
260 _aवाराणसी
_b सुरेन्द्रनाथ देवेन्द्रकुमार
_c1965
300 _a707पृ.
_ccm.
942 _hQ1:2:g(V), 152K5
_cTEXL
_2CC
999 _c375731
_d375731